000 00695nam a2200241Ia 4500
003 OSt
005 20220918221633.0
006 a|||||r|||| 00| 0
007 ta
008 220917b |||||||| |||| 00| 0 eng d
024 _a202,282
037 _cTextual
040 _aARTS
_cARTS
_beng
041 _2eng
_aeng
082 _aV41.K<-H, N6
100 _aDardess John W.
_9109480
245 0 _aMing society
_b T'ai-ho county, Kiangsi in the fourteenth to seventeenth centuries
260 _aBerkeley
_bUniversity of california press
_c1996
300 _axi 316 p
_ccm.
650 _aHISTORY
942 _hV41.K<-H, N6
_cTEXL
_2CC
999 _c273180
_d273180